00326 a2200133 4500000002500000100001800025110001800043245003000061250001900091260002800110264002800138942000700166999001900173 nam a22 7a 4500 aNaik, C. D.  aNaik, C. D.  aDigdarshnik Dr. Ambedkar  aLatest edition bAayu Publicationsc2021 bAayu Publicationsc2021 cBK c394265d394265